Rómaiak, románok és oláhok Dácia Trajánában

Podrobná bibliografia
Hlavný autor: Tamás, Lajos, 1904-1984 (Autor)
Médium: Kniha
Jazyk:maďarčina
Fyzický popis:234 s. 24 cm
Vydavateľské údaje: Budapest Magyar Tudományos Akad. 1935
Predmet:

MARC

LEADER 00000cam a2200000 a 4500
001 vtls009948833
003 SK-MaSNL
005 20260301212414.0
008 200228s1935 hu g 001 0 hun
015 |a SNBA1935 
035 |a urn:nbn:sk:snk-am00daok 
035 |a urn:nbn:sk:snk-am3hvpq 
035 |a 4E156BBD-3F5D-4EFE-BE05-676A5B45036C 
040 |a SNK  |b slo  |c SNK  |e AACR2 
041 |a hun 
043 |a e-au---  |a e-hu--- 
044 |a hu  |c HU 
072 7 |a 323  |x Vnútropolitický vývoj, politický život  |2 konspekt 
080 |a 323.1:316.356.4  |2 2011 
080 |a (436+439)  |2 2011 
080 |a (048.8)  |2 2011 
080 |a 341.382"1920"  |2 2011 
100 1 |a Tamás, Lajos,  |d 1904-1984  |4 aut  |9 200030 
245 1 0 |a Rómaiak, románok és oláhok Dácia Trajánában  |c Lajos Tamás 
260 |a Budapest  |b Magyar Tudományos Akad.  |c 1935 
300 |a 234 s.  |c 24 cm 
504 |a Bibliografické odkazy ; register 
630 0 7 |a Treaty of Peace between the Allied and Associated Powers and Hungary (1920 jún 4.)  |2 SNKPH  |9 189441 
630 0 7 |a Treaty of Peace between the Allied and Associated Powers and Hungary (1920)  |2 SNKPHeng  |9 229784 
650 0 7 |a národy  |2 SNKPH  |9 4720 
650 0 7 |a Nations  |2 SNKPHeng  |9 286524 
651 7 |a Rakúsko-Uhorsko  |2 SNKPHgeo  |9 36860 
651 7 |a Austro-Hungarian Monarchy  |2 SNKPHeng  |9 283186 
655 7 |a monografie  |2 SNKPH  |9 70139 
655 7 |a Monographs  |2 SNKPHeng  |9 120675 
958 |a NB 
999 |c 918050  |d 919980 
952 |a SNK  |b SNK  |y PREZ  |7 0  |p 17A0743658  |o snkSC 2393  |i snk441/38  |0 0  |1 0  |4 0  |d 2018-06-07  |f 1  |l 0  |r 2025-06-17 00:00:00  |w 2026-02-24